Catalunya en imatges [Recurs electrònic]
ISBN:
84-393-5246-8
Descripción Física:
1 disc òptic (CD-ROM) ; 12 cm
Colección:
Fons de l'Arxiu Nacional de Catalunya 1
MARC
| LEADER | 00000nmm a2200000 a 4500 | ||
|---|---|---|---|
| 001 | 18006 | ||
| 007 | co ca aaaaa | ||
| 008 | 160829s9999 xx 000 0 cat d | ||
| 020 | |a 84-393-5246-8 | ||
| 080 | |a CD-1-8 | ||
| 110 | 2 | |a Arxiu Nacional de Catalunya |9 55117 | |
| 245 | |a Catalunya en imatges [Recurs electrònic] | ||
| 260 | |a [Sant Cugat del Vallès] : |b Arxiu Nacional de Catalunya. Departament de Cultura, DL 2000 | ||
| 300 | |a 1 disc òptic (CD-ROM) ; |c 12 cm | ||
| 490 | |a Fons de l'Arxiu Nacional de Catalunya 1 | ||
| 590 | |a autoexecutable | ||
| 650 | |a Catalunya |x Fotografies |9 22323 | ||
| 655 | 0 | |9 54985 |a CD-ROMs | |
| 710 | 2 | |a Catalunya. |b Departament de Cultura |9 52819 | |
| 901 | |a Arxiu | ||
| 942 | |n 1 |2 udc | ||
| 952 | |0 0 |1 0 |4 0 |6 CD18 |7 1 |9 42168 |a Arxiu |b Arxiu |d 2016-12-01 |l 0 |o CD-1-8 |p 18006 |r 2016-12-01 00:00:00 |w 2016-12-01 |y ARXIU | ||
| 999 | |c 44615 |d 44615 | ||